| 000 | 01443nam a22002057a 4500 | ||
|---|---|---|---|
| 999 |
_c64125 _d64125 |
||
| 003 | Ge_BSU | ||
| 005 | 20260408163624.0 | ||
| 008 | 260408s2025 ge ||||| |||| 00| 0 geo d | ||
| 020 | _a9789941876998 | ||
| 041 | _ageo | ||
| 080 | _a323.173(479.22:479.225) ვ-13 | ||
| 100 |
_aვადაჭკორია, შოთა _927296 |
||
| 245 |
_aრუსული "სამშვიდობო" ძალებისგან ცხინვალის რეგიონში მოვალეობის არშესრულების ფაქტორები / _cშოთა ვადაჭკორია; რედაქტორი ზურაბ ხონელიძე; სოხუმის სახელმწიფო უნივერსიტეტი, სამშვიდობო განათლების კვლევითი ცენტრი. |
||
| 264 |
_aთბილისი : _bუნივერსალი, _c2025. |
||
| 300 |
_a168 გვ. ; _b21 სმ. |
||
| 653 | _aქართულ-ოსური კონფლიქტი | ||
| 700 |
_aხონელიძე, ზურაბ _eრედაქტორი _927297 |
||
| 710 |
_aსოხუმის სახელმწიფო უნივერსიტეტი. _bსამშვიდობო განათლების კვლევითი ცენტრი. _927298 |
||
| 942 |
_2udc _cᲬᲘᲒᲜᲘ |
||